| 000 | 00366nam a2200145Ia 4500 | ||
|---|---|---|---|
| 008 | 230917s9999||||xx |||||||||||||| ||und|| | ||
| 040 |
_e208075 _aMAIN |
||
| 041 | _aEnglish | ||
| 082 | _a891.2109 T738C | ||
| 100 | _aTripathi, Rakesh Mani | ||
| 245 | 0 | _aChhandoalankar vivechan | |
| 260 |
_aJaipur _bLiterary Circle _c2012 |
||
| 300 | _aviii, 120 p. | ||
| 942 | _cBK | ||
| 999 |
_c134478 _d134478 |
||